|
|
|
|
| LEADER |
01014nab a2200241 i 4500 |
| 001 |
misc63622 |
| 005 |
20220920085043.0 |
| 008 |
220708s1913 hu o 0|| hun d |
| 040 |
|
|
|a SZTE Miscellanea Repozitórium
|b hun
|
| 041 |
|
|
|a hun
|
| 100 |
1 |
|
|a Prinz Gyula
|
| 245 |
1 |
0 |
|a Második belsőázsiai utazásom néprajzi eredményei
|h [elektronikus dokumentum] :
|b befejező közlemény - a nomádság házieszközei /
|c Prinz Gyula
|
| 260 |
|
|
|c 1913
|
| 300 |
|
|
|a p. 165-178.
|c 27 cm
|
| 490 |
0 |
|
|a Ethnographia : a Magyarországi Néprajzi Társaság hivatalos értesítője;Magyar Nemzeti Múzeum Néprajzi Osztályának Értesítője
|
| 561 |
|
|
|a Németh Gyula hagyaték
|
| 591 |
|
|
|a NOA 3383
|
| 650 |
|
4 |
|a Társadalomtudományok
|
| 650 |
|
4 |
|a Szociológia
|
| 650 |
|
4 |
|a Bölcsészettudományok
|
| 650 |
|
4 |
|a Történettudomány és régészet
|
| 695 |
|
|
|a Nomád népek története - Belső-Ázsia
|
| 856 |
4 |
0 |
|u http://misc.bibl.u-szeged.hu/63622/1/3383_noa_m24_03.pdf
|z Dokumentum-elérés
|